Sports Quiz

Random Sports Quiz
Score 0/300 Timer 20:00
0 Plays Today
Event/Year Opponent % Correct
WCW Nitro 1998Hulk Hogan
93.3%
WCW Nitro 1998Hulk Hogan
93.3%
WCW Nitro 1998Kevin Nash
93.3%
WCW StarrCade 1998Kevin Nash
93.3%
WCW Nitro 1999Hulk Hogan
93.3%
WCW Nitro 1999Kevin Nash
93.3%
WCW Nitro 1999Hulk Hogan
93.3%
WCW Spring Stampede 1999Kevin Nash
93.3%
WCW Nitro 1999Kevin Nash
93.3%
WCW Nitro 1999Kevin Nash
93.3%
WCW Nitro 1999Kevin Nash
93.3%
WCW Nitro 1999Kevin Nash
93.3%
WCW Nitro 1999Kevin Nash
93.3%
WCW Thunder 1999Kevin Nash
93.3%
WCW Nitro 2000Kevin Nash
93.3%
WCW Nitro 2000Kevin Nash
93.3%
WCW Nitro 2000 (Winner)Kevin Nash
93.3%
WCW Bash At The Beach 2000Kevin Nash
93.3%
WCW New Blood Rising 2000Kevin Nash
93.3%
WCW Nitro 2000Kevin Nash
93.3%
WWE SummerSlam 2003Kevin Nash
93.3%
WWE SummerSlam 2003Triple H
92.9%
WWE Monday Night Raw 2003Triple H
92.9%
WWE Monday Night Raw 2003Triple H
92.9%
WWE Unforgiven 2003Triple H
92.9%
WWE Survivor Series 2003Triple H
92.9%
WWE Monday Night Raw 2003Triple H
92.9%
WWE Monday Night Raw 2003Triple H
92.9%
WWE Armageddon 2003Triple H
92.9%
WCW Nitro 1998Scott Hall
92.5%
WCW Saturday Night 1998Scott Hall
92.5%
WCW Thunder 1998Scott Hall
92.5%
WCW Road Wild 1998Scott Hall
92.5%
WCW Nitro 1998Scott Hall
92.5%
WCW Souled Out 1999Scott Hall
92.5%
WCW Nitro 1999Scott Hall
92.5%
WCW Nitro 1999Scott Hall
92.5%
WCW Nitro 1999Scott Hall
92.5%
WCW Nitro 1999Scott Hall
92.5%
WCW Nitro 1999Scott Hall
92.5%
WWE WrestleMania XX 2004Brock Lesnar
92.1%
WCW Nitro 1999Horace Hogan
90.7%
WCW Nitro 2000Horace Hogan
90.7%
WCW Nitro 1999Ric Flair
90.6%
WCW Nitro 1999Ric Flair
90.6%
WWE Monday Night Raw 2003Ric Flair
90.6%
WWE Monday Night Raw 2003Ric Flair
90.6%
WWE Monday Night Raw 2003Ric Flair
90.6%
WWE Monday Night Raw 2003Ric Flair
90.6%
WWE Monday Night Raw 2003Ric Flair
90.6%
WWE Monday Night Raw 2003Ric Flair
90.6%
WWE Bad Blood 2003Chris Jericho
90.2%
WWE Monday Night Raw 2003Chris Jericho
90.2%
WWE SummerSlam 2003Chris Jericho
90.2%
WWE Monday Night Raw 2003Chris Jericho
90.2%
WWE Monday Night Raw 2004Chris Jericho
90.2%
WCW Nitro 1998Rocco Rock
90%
WCW Thunder 1999Rocco Rock
90%
WWE Backlash 2003The Rock
89.8%
WCW Nitro 2000Booker T
88.8%
WCW Nitro 2000Booker T
88.8%
WWE Monday Night Raw 2004Booker T
88.8%
WCW Nitro 1999Scott Steiner
88.6%
WCW Nitro 1999Scott Steiner
88.6%
WCW Nitro 2000Scott Steiner
88.6%
WCW Nitro 2000Scott Steiner
88.6%
WCW Nitro 2000Scott Steiner
88.6%
WCW New Blood Rising 2000Scott Steiner
88.6%
WCW Nitro 2000Scott Steiner
88.6%
WCW Nitro 2000Scott Steiner
88.6%
WCW Fall Brawl 2000Scott Steiner
88.6%
WWE Monday Night Raw 2004Scott Steiner
88.6%
WCW Thunder 1998The Giant
88.4%
WCW Nitro 1998The Giant
88.4%
WCW Nitro 1998The Giant
88.4%
WCW Nitro 1998The Giant
88.4%
WCW Road Wild 1998The Giant
88.4%
WCW Nitro 1998The Giant
88.4%
WCW Nitro 1998The Giant
88.4%
WCW Nitro 1998The Giant
88.4%
WCW Nitro 1998The Giant
88.4%
WCW Nitro 1999Rick Steiner
88.4%
WCW Road Wild 1999Rick Steiner
88.4%
WCW Nitro 1999Rick Steiner
88.4%
WCW Road Wild 1998Sting
88.2%
WCW Nitro 1998Sting
88.2%
WCW Nitro 1999Sting
88.2%
WCW Slamboree 1999Sting
88.2%
WCW Halloween Havoc 1999Sting
88.2%
WCW Nitro 1999Sting
88.2%
WCW Halloween Havoc 1998Diamond Dallas Page
87.8%
WCW Nitro 1999Diamond Dallas Page
87.8%
WCW Nitro 1999Diamond Dallas Page
87.8%
WCW Nitro 1999Diamond Dallas Page
87.8%
WCW Nitro 1999Diamond Dallas Page
87.8%
WCW Nitro 1999Diamond Dallas Page
87.8%
WCW Fall Brawl 1999Diamond Dallas Page
87.8%
WCW Nitro 1999Bret Hart
87.8%
WCW Nitro 1999Bret Hart
87.8%
WCW Nitro 1999Bret Hart
87.8%
Event/Year Opponent % Correct
WCW StarrCade 1999Bret Hart
87.8%
WCW Nitro 1999Bret Hart
87.8%
WCW Nitro 2000David Flair
87.8%
WCW Nitro 1999Chris Benoit
87.2%
WWE Royal Rumble 2004 (Winner)Chris Benoit
87.2%
WWE Monday Night Raw 2003Kane
87%
WWE Monday Night Raw 2003Kane
87%
WWE MSG Show 2003Kane
87%
WWE Armageddon 2003Kane
87%
WWE Monday Night Raw 2004Kane
87%
WWE Monday Night Raw 2003Randy Orton
86.6%
WWE SummerSlam 2003Randy Orton
86.6%
WWE Monday Night Raw 2003Randy Orton
86.6%
WWE Monday Night Raw 2003Randy Orton
86.6%
WWE Monday Night Raw 2003Randy Orton
86.6%
WWE Monday Night Raw 2003Randy Orton
86.6%
WWE Monday Night Raw 2003Randy Orton
86.6%
WWE Monday Night Raw 2004Randy Orton
86.6%
WWE SummerSlam 2003Shawn Michaels
84.8%
WWE Monday Night Raw 2003Shawn Michaels
84.8%
WCW Road Wild 1998Lex Luger
84.1%
WCW Nitro 1999Lex Luger
84.1%
WCW Thunder 2000Lex Luger
84.1%
WCW Mayhem 2000Lex Luger
84.1%
WCW StarrCade 2000Lex Luger
84.1%
WCW Lacrosse House Show 2001Lex Luger
84.1%
WCW Sin 2001Lex Luger
84.1%
WWE Monday Night Raw 2003Batista
83.5%
WWE Monday Night Raw 2003Batista
83.5%
WWE Monday Night Raw 2003Batista
83.5%
WCW Nitro 1998Raven
81.3%
WCW Thunder 1998Raven
81.3%
WCW Nitro 1998Chavo Guerrero
81.1%
WCW Nitro 1997Hector Guerrero
79.5%
WCW Spring Stampede 1998Perry Saturn
78.7%
WCW Slamboree 1998Perry Saturn
78.7%
WCW Nitro 1999Jeff Jarrett
78.3%
WCW Nitro 2000Jeff Jarrett
78.3%
WCW Nitro 2000Jeff Jarrett
78.3%
WCW Nitro 2000Jeff Jarrett
78.3%
WCW Thunder 2000Jeff Jarrett
78.3%
WCW Nitro 1997Hugh Morrus
78.1%
WCW Nitro 1998Hugh Morrus
78.1%
WCW Thunder 1998Hugh Morrus
78.1%
WCW Nitro 1999Hugh Morrus
78.1%
WCW Nitro 1999Buff Bagwell
78%
WCW Thunder 2000Buff Bagwell
78%
WCW Nitro 2000Buff Bagwell
78%
WCW Lacrosse House Show 2001Buff Bagwell
78%
WCW Sin 2001Buff Bagwell
78%
WWE Monday Night Raw 2003Christian
76%
WWE Monday Night Raw 2003Christian
76%
WWE Monday Night Raw 2003Christian
76%
WCW L.A. Melee 1998Curt Hennig
75.2%
WCW Bash At The Beach 1998Curt Hennig
75.2%
WCW Nitro 1998Curt Hennig
75.2%
WCW Road Wild 1998Curt Hennig
75.2%
WCW Nitro 1999Curt Hennig
75.2%
WCW Nitro 1999Curt Hennig
75.2%
WCW Nitro 1998Stevie Ray
75%
WCW 3rd Annual Ilio DiPaolo Memorial 1998Konnan
73.8%
WCW The Great American Bash 1998Konnan
73.8%
WCW Road Wild 1998Konnan
73.8%
WCW Nitro 1998Lord Steven Regal
73%
WCW Nitro 1998Bam Bam Bigelow
72.6%
WCW Nitro 1998Bam Bam Bigelow
72.6%
WCW Nitro 1999Bam Bam Bigelow
72.6%
WCW SuperBrawl IX 1999Bam Bam Bigelow
72.6%
WCW Nitro 1999Bam Bam Bigelow
72.6%
WCW Thunder 1999Bam Bam Bigelow
72.6%
WCW Nitro 2000Bam Bam Bigelow
72.6%
WCW Thunder 2000Bam Bam Bigelow
72.6%
WCW StarrCade 1997Steve McMichael
70.7%
WCW Thunder 1998Steve McMichael
70.7%
WCW Nitro 1998Scott Norton
70.5%
WCW Nitro 1998Brian Adams
70.5%
WCW Road Wild 1998Scott Norton
70.5%
WCW Nitro 1999Scott Norton
70.5%
WCW Thunder 1999Scott Norton
70.5%
WCW Thunder 2000Brian Adams
70.5%
WCW Halloween Havoc 2000Brian Adams
70.5%
WCW Nitro 2001Brian Adams
70.5%
WWE Monday Night Raw 2003Mark Henry
70.5%
WWE Monday Night Raw 2003Mark Henry
70.5%
WWE Monday Night Raw 2004Mark Henry
70.5%
WWE Monday Night Raw 2004Mark Henry
70.5%
WCW Thunder 1998Kanyon
69.5%
WCW Nitro 1999Kanyon
69.5%
WCW Nitro 2000Kanyon
69.5%
WCW Saturday Night 1998Disco Inferno
68.7%
WCW Nitro 1998Disco Inferno
68.7%
WCW Nitro 2000Disco Inferno
68.7%
WCW Thunder 2000Lance Storm
68.3%
WWE Monday Night Raw 2003Lance Storm
68.3%
WWE Monday Night Raw 2003Lance Storm
68.3%
WWE Monday Night Raw 2004Rob Van Dam
68.1%
WCW Saturday Night 1998Meng
67.3%
WCW Nitro 1998Meng
67.3%
WCW Saturday Night Taping 1998Meng
67.3%
WCW Nitro Xtra 1998Meng
67.3%
Event/Year Opponent % Correct
WCW Thunder 1999Meng
67.3%
WCW Nitro 2000Meng
67.3%
WCW Nitro 1997The Barbarian
65.6%
WWE Monday Night Raw 2004Test
64.4%
WCW Thunder 2000Bryan Clark
64%
WCW Halloween Havoc 2000Bryan Clark
64%
WCW Nitro 2001Bryan Clark
64%
WCW Nitro 1999Sid Vicious
63.2%
WCW Nitro 1999Sid Vicious
63.2%
WCW Halloween Havoc 1999Sid Vicious
63.2%
WCW Nitro 1999Sid Vicious
63.2%
WCW Mayhem 1999Sid Vicious
63.2%
WWE Monday Night Raw 2004Matt Hardy
63.2%
WCW Thunder 1998Vincent
62.6%
WCW Nitro 2000Alex Wright
62.6%
WCW Nitro 1997Glacier
62.2%
WCW Thunder 1998Glacier
62.2%
WCW Thunder 1998Fit Finlay
62.2%
WCW Nitro 1998Glacier
62.2%
WCW Thunder 1998Fit Finlay
62.2%
WCW Nitro 1998Glacier
62.2%
WCW Nitro 2000Vince Russo
60.6%
WCW Thunder 2000 (Winner)Mike Awesome
60.4%
WCW Nitro 1998La Parka
59.8%
WCW Nitro 1998Sick Boy
59.1%
WCW Thunder 1998Sick Boy
59.1%
WCW Nitro 1998Brad Armstrong
57.7%
WCW SuperBrawl VIII 1998Brad Armstrong
57.7%
WCW Nitro 1998Lodi
57.7%
WCW Thunder 1998Reese
57.3%
WCW Thunder 1999Ron Harris
57.3%
WCW Thunder 1999Don Harris
57.3%
WCW Nitro 2000Ron Harris
57.3%
WCW Nitro 2000Don Harris
57.3%
WCW Nitro 1997Scotty Riggs
56.7%
WCW Thunder 1999Ernest Miller
56.3%
WCW Thunder 1999Ernest Miller
56.3%
WCW Thunder 2000Mark Jindrak
56.3%
WCW Nitro 1999Brian Knobbs
55.9%
WCW Nitro 2000Shane Douglas
55.1%
WCW Thunder 2000Shawn Stasiak
55.1%
WCW Nitro 2000Shawn Stasiak
55.1%
WCW Thunder 2000Shane Douglas
55.1%
WCW Nitro 1998Van Hammer
54.3%
WCW Saturday Night 1998Van Hammer
54.3%
WCW Saturday Night 1998Van Hammer
54.3%
WCW Nitro 1998Jerry Flynn
53%
WCW Saturday Night 1998Jerry Flynn
53%
WCW Thunder 1998Jerry Flynn
53%
WCW Malice at The Palace 1998Jerry Flynn
53%
WCW Tuesday Nitro 1998Jerry Flynn
53%
WCW Nitro 1999Jerry Flynn
53%
WCW Nitro 1999Jerry Flynn
53%
WCW Thunder 1998Kendall Windham
52%
WCW Nitro 1999Barry Windham
51.8%
WCW Nitro 2000Jim Duggan
51.6%
WCW Nitro 1999Hak
51.4%
WCW Nitro 1997Wrath
50.2%
WWE Monday Night Raw 2003Steven Richards
49.8%
WCW Thunder 2000Norman Smiley
49.4%
WCW Nitro 1997Buddy Lee Parker
48.8%
WCW Boston Brawl 1998Buddy Lee Parker
48.8%
WWE Monday Night Raw 2003Rosey
48.6%
WCW Nitro 2000Mike Sanders
48.2%
WCW Thunder 2000Elix Skipper
48%
WCW Thunder 2000Elix Skipper
48%
WWE Monday Night Raw 2003Rodney Mack
46.9%
WCW Saturday Night 1997The Renegade
45.5%
WCW Saturday Night 1997The Renegade
45.5%
WCW Nitro 1998The Renegade
45.5%
WCW Nitro 2000Tank Abbott
45.5%
WCW Nitro 2000Big Vito
45.3%
WCW Saturday Night 1997Roadblock
44.7%
WCW Saturday Night 1998Barry Horowitz
44.3%
WCW Thunder 1998Barry Horowitz
44.3%
WCW Nitro 1998Al Green
44.3%
WCW Nitro 1998Ray Traylor
43.7%
WWE Monday Night Raw 2004Jonathan Coachman
43.7%
WCW Thunder 1998Rick Fuller
43.3%
WCW Nitro 1998Rick Fuller
43.3%
WCW Thunder 1998Rick Fuller
43.3%
WCW Nitro 2000Reno
42.9%
WCW Thunder 1998Jim Powers
42.5%
WCW Thunder 1998Wayne Bloom
42.1%
WCW Thunder 1998Yuji Nagata
41.1%
WCW Saturday Night 1998Yuji Nagata
41.1%
WCW Nitro 1998Barry Darsow
39.4%
WCW Thunder 1998Barry Darsow
39.4%
WCW Nitro 1999Kenny Kaos
38.8%
WCW Nitro 1998Mark Starr
38.6%
WCW Nitro 2000Kwee Wee
37.6%
WCW Thunder 1998Mike Enos
35.6%
WCW Nitro 2000Dwayne Bruce
34.4%
WCW Nitro 1998Johnny Attitude
33.9%
WCW Saturday Night 1998Chase Tatum
33.5%
WCW Nitro 1998Len Denton
33.1%
WCW Tuesday Nitro 1997John Betcha
28.9%
WCW Nitro 1998Scott Putski
28.5%
WCW Nitro 2000MI Smooth
27.4%
WCW Saturday Night 1997Mike Anthony
22.4%
Remove Ads.
Support Sporcle.
Get the best of Sporcle when you Go Orange. This ad-free experience offers more features, more stats, and more fun while also helping to support Sporcle. Thank you for becoming a member.

You're not logged in!

Compare scores with friends on all Sporcle quizzes.
OR
Log In

Show Comments

Extras

Created Jul 22, 2012ReportNominate
Tags:Event, Ever, Goldberg, opponent

Top Quizzes Today


Score Distribution

Your Account Isn't Verified!

In order to create a playlist on Sporcle, you need to verify the email address you used during registration. Go to your Sporcle Settings to finish the process.

Report this User

Report this user for behavior that violates our Community Guidelines.

Details: